MARC Record
Leader
003
BE-GnUNI
007
't'u
035
a| (MSK)314001265
084
a| II.E.4
245
0
0
a| Index Culturel Espagnol.
260
a| Madrid :
b| Direction Générale des Relations Culturelles,
c| 1946-.
546
a| Frans
500
a| Tijdschriften
852
4
b| MSK
c| MSK
j| II.E.4
920
a| tijdschrift
001
000045378
005
20241224121706.0